| 000 | 00487nam a2200157 a 4500 | ||
|---|---|---|---|
| 001 | 000038266 | ||
| 005 | 20201002031219.0 | ||
| 008 | 130405s2011 dr a 000 0 spa d | ||
| 020 | _a9789945875812 | ||
| 040 |
_aDO-SdBNP _bspa _cBNPHU |
||
| 100 | 1 |
_aMéndez, Mario _945014 |
|
| 245 | 1 | 3 |
_aEl legado de un mortal / _cMario Méndez. |
| 260 |
_aSanto Domingo : _bSerrallés, _c2011. |
||
| 300 |
_a149 p. ; _c22 cm. |
||
| 500 | _aIncluye datos biográficos del autor en la solapa de la cubierta | ||
| 999 |
_c37756 _d37756 |
||